LEADER 00977nam a2200217 i 4500 001 000000007182 003 CaOOAMICUS 005 20180830125438.0 008 180830s1995 it u000 u ita u 040 $aSeMil$bita 100 1 $aThomas, Pascal .$0(OLS)http://semarc/name/3754 245 10$aDécouvrir le christianisme /$cPascal Thomas. 246 04$iTitolo in copertina:$aParcours pour les catéchumènes et les recommençants 260 $aParis :$bAtelier,$c1995. 300 $a2 v. ;$c22 cm. 650 4$aCatecumenato - Catechesi.$0(OLS)http://semarc/subject/1172 774 0 $tFaire l'expérience de la foi.$z2-7082-3131-6$g1$w()105535 774 0 $tÊtre disciple de Jésus.$z2-7082-3132-4$g2$w()106406 996 $6245$aDécouvrir le christianisme$9(OLS)http://semarc/title/9637 996 $6246$aParcours pour les catéchumènes et les recommençants$9(OLS)http://semarc/title/9638 996 $6260$aParis :$bAtelier$9(OLS)http://semarc/publisher/31968 LEADER 01397nam a2200265 i 4500 001 000000012402 003 CaOOAMICUS 005 20250710152051.0 008 180830s1975 it u000 u ita u 040 $aSeMil$bita 100 1 $aAbate, Giuseppe,$c.$0(OLS)http://semarc/name/89835 245 10$aCodici e manoscritti della Biblioteca Antoniana /$cGiuseppe Abate ; Giovanni Luisetto ; col catalogo delle miniature a cura di François Avril ; Francesca D'Arcais ; Giordana Mariani Canova. 260 $aVicenza :$bNeri Pozza,$c1975. 300 $a2 v. ;$c33 cm. 650 4$aPadova - Biblioteca Antoniana - Cataloghi.$0(OLS)http://semarc/subject/25817 650 4$aManoscritti - Cataloghi.$0(OLS)http://semarc/subject/1561 700 1 $aCanova Mariani, Giordana.$0(OLS)http://semarc/name/5922 700 1 $aD'Arcais, Francesca.$0(OLS)http://semarc/name/5921 700 1 $aAvril, François.$0(OLS)http://semarc/name/5920 700 1 $aLuisetto, Giovanni M.,$c.$0(OLS)http://semarc/name/5919 774 0 $t[Vol. 1].$kFonti e studi per la storia del Santo a Padova. Fonti$w()130946 774 0 $t[Vol. 2].$kFonti e studi per la storia del Santo a Padova. Fonti$w()130961 996 $6245$aCodici e manoscritti della Biblioteca Antoniana$9(OLS)http://semarc/title/16463 996 $6260$aVicenza :$bNeri Pozza$9(OLS)http://semarc/publisher/32468